000
00279nam a2200133Ia 4500
100
_a
Kanetkar/T.P
942
_c
BK
654
_a
Surveying
245
_a
Surveying & Levalling
260
_b
Pune vidyarthi griha
_a
Pune
_c
1984
300
_a
692
546
_a
ENGLISH
999
_c
19429
_d
19429